Návrh informačnej štruktúry webového portálu a možnosti jeho jazykovej lokalizácie

Saved in:
Bibliographic Details
Main Author: Čierťažský, Ľubomír, 1985- (Author)
Other Authors: Šimanovská, Tatjana, 1954- (Thesis advisor)
Format: Manuscript Book
Language:Slovak
Published: Bratislava : STU v Bratislave FEI, 2011
Subjects:
Online Access:VAIS
Tags: Add Tag
No Tags, Be the first to tag this record!

MARC

LEADER 00000ntm a22000003a 4500
001 stu231058
005 20150617230138.8
008 110712s2011----xo------------------slo-d
040 |a STU  |b slo 
041 0 |a slo 
044 |a xo 
100 1 |a Čierťažský, Ľubomír,  |d 1985-  |4 aut  |u E  |T FEI Fakulta elektrotechniky a informatiky  |X 23244  |U E  |Y 30  |7 A000023244 
242 0 0 |a The design of the information structure of a web portal and options of its localization into various languages  |y eng 
245 1 |a Návrh informačnej štruktúry webového portálu a možnosti jeho jazykovej lokalizácie 
260 |a Bratislava :  |b STU v Bratislave FEI,  |c 2011 
300 |a 52 s 
650 7 |a localization  |2 estusub 
650 7 |a lokalizácia  |2 stusub 
650 7 |a Telekomunikácie  |2 stusub 
650 7 |a Telecommunications  |2 estusub 
650 7 |a webovský portál  |2 stusub 
700 1 |a Šimanovská, Tatjana,  |d 1954-  |4 ths  |u R2020  |U Ostatné univerzitné pracoviská  |T Ústav manažmentu STU  |X 46929  |U R2020  |Y 232  |7 A000046929 
856 4 |a info a plný text  |u http://is.stuba.sk/zp/portal_zp.pl?podrobnosti=68613  |3 VAIS 
996 |b 284EP09661  |c E*DIPL-9661  |l EE16  |s P  |a 0  |w stu231058_0001